Optional decision rules for government (Record no. 258325)

000 -LEADER
fixed length control field 00230 a2200097 4500
001 - CONTROL NUMBER
control field 23252
090 ## - LOCALLY ASSIGNED LC-TYPE CALL NUMBER (OCLC); LOCAL CALL NUMBER (RLIN)
-- 15760
-- 15760
100 ## - MAIN ENTRY--PERSONAL NAME
Personal name Theil, H
245 ## - TITLE STATEMENT
Title Optional decision rules for government
260 ## - PUBLICATION, DISTRIBUTION, ETC.
Place of publication, distribution, etc.
Name of publisher, distributor, etc. North Holland Pubs
Date of publication, distribution, etc. 1968
942 ## - ADDED ENTRY ELEMENTS (KOHA)
Institution code [OBSOLETE] NUST-CAE
Koha item type
--
Holdings
Withdrawn status Lost status Damaged status Not for loan Collection code Permanent Location Current Location Date acquired Total Checkouts Barcode Date last seen Price effective from Koha item type
          College of Aeronautical Engineering (CAE) College of Aeronautical Engineering (CAE) 04/03/2017   CAE19148 04/05/2017 04/05/2017 Book
© 2023 Central Library, National University of Sciences and Technology. All Rights Reserved.